| 000 | 00732nam a22002297a 4500 | ||
|---|---|---|---|
| 003 | KOHA_MİRAKIL | ||
| 005 | 20260602103608.0 | ||
| 008 | 260602b tu ||||| |||| 00| 0 tur d | ||
| 020 | _a9755334971 | ||
| 040 |
_aTR-AnABB _btur _cTR-AnABB |
||
| 041 | _atur | ||
| 082 |
_a895.73 _bMUN 2006 |
||
| 100 | 1 | _aMunyol, İ. | |
| 245 | 1 | 0 |
_aDeğişen kahramınımız / _cİ. Munyol ; Korece aslından çeviren: S. Yeşim Ferendeci, S. Göksel Türközü |
| 250 | _a1. baskı | ||
| 260 |
_aAnkara : _bİmge Kitabevi, _c2006 |
||
| 300 |
_a95 sayfa ; _c20 cm |
||
| 650 | 0 | 4 | _aKore edebiyatı, roman |
| 700 | 1 |
_aFerendeci, S. Yeşim, _eçeviren _93647 |
|
| 700 | 1 |
_aTürközü, S. Göksel, _eçeviren _93648 |
|
| 942 |
_2ddc _cBK |
||
| 999 |
_c10398 _d10398 |
||
| 900 | _bCan ÇELIK | ||